000 00743nam a2200289Ia 4500
001 35832
003 IT-RoPAU
008 130308s9999 xx 000 0 und d
040 _aIT-RoPAU
040 _cIT-RoPAU
041 _aITALIANO
100 _aMattioni Gloria
100 _gCodice Aut. SPICS: 17043
245 _aRock e linguaggio delle donne
245 _bAlmanacco Musica 1 (Estate 1979)
250 _a1a ed.
260 _aMILANO
260 _bIl Formichiere
260 _c1979 [1° Ed.:1979 - Ed.Ling.Originale:1979]
300 _a"2 p. (prefazione: no ; testo: 2 [pagine: 29-30])"
650 _aSAGGI MUSICALI
650 _eCodice materia Spics: 7011
942 _cBK
957 _71
999 _c60404
_d60404
999 _bSI
999 _g1